000 00661nam a2200241Ia 4500
003 OSt
005 20221007104655.0
006 a|||||r|||| 00| 0
007 ta
008 221006b |||||||| |||| 00| 0 eng d
024 _a16,516
037 _cTextual
040 _aLCO
_cLCO
_beng
041 _2eng
_aeng
082 _aZ2,5225, L5
100 _aMujumdar M.B
_9683550
245 0 _aCommantaty on the Bombay Prevention of Gambling Act,1887
260 _aBombay
_bN. M. Tripathi Pvt.Lltd. India
_c1975
300 _a136
650 _aGAMBLING ACT
_9706241
942 _hZ2,5225, L5
_cTEXL
999 _c1186079
_d1186079